Právne úskalia podnikania v cestovnom ruchu

Bibliographic Details
Main Author: Mosejová, Monika (Author)
Format: Book
Language:Slovak
Published: Bratislava Progressus Slovakia 2007
Edition:[1. vyd.]
Subjects:

MARC

LEADER 00000nam a2200000 a 4500
001 vtls009142658
003 SK-MaSNL
005 20260302042938.0
008 240318s2007 xo f 000 0 slo
015 |a SNBA2007/10-04712 
020 |a 9788096964277  |q (brož.) 
035 |a C3306361-153D-46B2-AF6A-42B284D200E1 
035 |a urn:nbn:sk:snk-aml1zi 
035 |a urn:nbn:sk:snk-am008lwa 
040 |a SNK  |b slo  |c SNK  |e AACR2 
041 0 |a slo 
044 |a xo  |c SK 
072 7 |a 338.3/.4  |x Hospodárske a výrobné odvetvia  |2 konspekt 
080 |a 338.48  |2 2001 
080 |a 347.72  |2 2001 
080 |a 658.114  |2 2001 
080 |a 658.114:330.131.7  |2 2001 
080 |a (048.8)  |2 2001 
080 |a 34  |2 2001 
100 1 |a Mosejová, Monika  |4 aut  |9 603323 
245 1 0 |a Právne úskalia podnikania v cestovnom ruchu  |c Monika Mosejová 
250 |a [1. vyd.] 
260 |a Bratislava  |b Progressus Slovakia  |c 2007 
300 |a 102 s.  |c 21 cm 
504 |a Bibliogr. s. 101-102 
650 0 7 |a cestovný ruch  |2 SNKPH  |9 999 
650 0 7 |a podnikanie  |2 SNKPH  |9 1757 
650 0 7 |a podnikateľské riziko  |x právne aspekty  |2 SNKPH  |9 107010 
650 0 7 |a právne predpisy  |2 SNKPH  |9 1155 
655 7 |a monografie  |2 SNKPH  |9 70139 
919 |a 978-80-969642-7-7 
958 |a NB 
958 |a OND 
968 |d 33 
999 |c 1084792  |d 1086722 
952 |a SNK  |b SNK  |y PREZ  |7 0  |p 17A0562754  |o snkSC 129297  |i snk2007/20946  |8 0  |0 0  |1 0  |4 0  |d 2007-09-21  |f 1  |l 0  |r 2025-06-18 00:00:00  |w 2026-02-24 
952 |a SNK  |b SNK  |y VYP  |7 0  |p 17A0562755  |o snkSC 129297 D1  |i snk2007/20947  |8 0  |0 0  |1 0  |4 0  |d 2007-09-21  |l 0  |r 2026-02-24 16:37:37  |w 2026-02-24